000 00481nmm a2200145Ia 4500
008 251105s9999||||xx |||||||||||||||||und||
041 _aspa
100 _aRicardo Barreto, Carmen
245 0 _aAmbientes virtuales de aprendizaje: retos para la formación y el diálogo intercultural
264 _a[Bogotá, Colombia] :
_bUniversidad del Norte,
_c2017
300 _a187 páginas
650 _aEducation
856 _uhttps://public.digitaliapublishing.com/a/54929
942 _cCF
999 _c106543
_d106543